01499nam a22002537a 4500952011400000952011400114999001900228008004100247020001800288050002100306100003300327240007000360245011700430250001200547260003700559300004700596500016200643505025800805519005601063650004501119700003301164700004101197942000701238 00102lcc4070a04b04d2018-01-08l2oQA273 L552 2001p05 001691r2023-06-14s2020-01-30t1w2018-01-08yLB 00102lcc4070a04b04d2018-01-08l3oQA273 L552 2001p05 001692r2023-06-14s2020-01-30t2w2018-01-08yLB c102807d102807180108s2001 mx d fr 001 0 spa d a9789584101341 4aQA273bL552 20011 aLipschutz, Seymoure, autor  0aSchaum's outline of theory and problems of probabilitylEspañol10aTeoría y problemas de probabilidad cSeymour Lipschutz y Marc Lars Lipson ; traducción Gladys Arango Medina  a2a ed.  aMéxico b : McGraw-Hill c2001 a324 páginas b : gráficas c : 26 cm.  aEn portada: 430 problemas totalmente resueltos ; Terminología y notación moderna ; Metodología fácil de entender ; Ideal para repaso previo a examen 0 aTeoría de conjuntos Técnicas de conteo Introducción a la probabilidad Probabilidad condicional e independencia Variables aleatorias Distribuciones normales y binomiales Procesos Markov Estadística descriptiva Distribución chi-cuadrado  aMaterial Complementario / d(05 001691 ; 05 001692) 0aPROBABILIDADES xPROBLEMAS Y EJERCICIOS 1 aLars Lipson, Marc e, autor 1 aArango Medina, Gladys e, traductor  cLB